02226cam a2200481 i 4500001001200000003000600012005001700018008004100035020004800076035002200124035002300146040008000169045001700249046000900266245026300275246004400538260013900582300002400721336002700745337005400772338002800826380001600854380002300870388001000893500006800903504001300971648001900984648001901003650003601022650007501058650007401133650005701207650006401264651003701328651001601365651006001381655003401441655002401475658001301499700003601512700004901548710014701597xx004909709NUKAT20260428130409.0200717s2020 pl g |101 0 pol c a9788380988729q(oprawa twarda) :czł 30,00 a(OCoLC)1183368839 a(NUKAT)xx004909709 aWR U/AKAbpolerdacWR U/AKAsdWR U/bkdWR U/AKAsdWA 14/MBsdOLSZT 008/bak2 bd1953bd1982 k202000aMiasta buntu w imperium sowieckim :bkonteksty radomskiego Czerwca 1976 roku /cpod redakcją Arkadiusza Kutkowskiego i Sebastiana Piątkowskiego ; Instytut Pamięci Narodowej - Komisja Ścigania Zbrodni przeciwko Narodowi Polskiemu. Oddział w Lublinie.30aKonteksty radomskiego Czerwca 1976 roku aLublin ;aWarszawa :bInstytut Pamięci Narodowej Komisja Ścigania Zbrodni przeciwko Narodowi Polskiemu Oddział w Lublinie,c2020. a280 stron ;c25 cm. aTekstbtxt2rdacontent aBez urządzenia pośredniczącegobn2rdamedia aWoluminbnc2rdacarrier aKsiążki aPublikacje naukowe1 a2001- aMateriały z konferencji naukowej, Radom, 13-14 czerwca 2016 r. aIndeksy. 7a1901-20002DBN 7a1945-19892DBN 7aWydarzenia w Polsce (1976)2DBN 7aOpór wobec władzyzEuropa Środkoway1945-1990vkonferencje.2kaba 7aOpór wobec władzyzEuropa Wschodniay1945-1990vkonferencje.2kaba 7aMiastazEuropa Środkoway1990-vkonferencje.2kaba 7aOpór wobec władzyzGruzjay1945-1970vkonferencje.2kaba 7aEuropa Środkowo-Wschodnia2DBN 7aPolska2DBN 7aPolskay1976 (Wydarzenia czerwcowe)vkonferencje.2kaba 7aMateriały konferencyjne2DBN 7aPraca zbiorowa2DBN aHistoria1 aKutkowski, Arkadiusz.eRedakcja1 aPiątkowski, Sebastiand(1970- ).eRedakcja2 aInstytut Pamięci Narodowej - Komisja Ścigania Zbrodni przeciwko Narodowi Polskiemu.bOddział (Lublin).eInstytucja sprawczaeWydawca4pbl